| 000 | 00467nam a2200145 a 4500 | ||
|---|---|---|---|
| 001 | 000044084 | ||
| 005 | 20201002045133.0 | ||
| 008 | 140515s2014 dr 000 0 spa d | ||
| 040 |
_aDO-SdBNP _bspa _cBNPHU |
||
| 110 | 2 |
_aRenovación Carismática Católica Dominicana _972080 |
|
| 245 | 1 | 0 | _aEstatutos. |
| 260 |
_aSantiago de los Caballeros, República Dominicana, : _bBúho, _c2014. |
||
| 300 |
_a54 p. ; _c22 cm. |
||
| 500 | _aEdición especial, equipo Sede de Santiago | ||
| 999 |
_c43573 _d43573 |
||